| 000 | 01303 a2200217 4500 | ||
|---|---|---|---|
| 001 | 54800 | ||
| 005 | 20260407155824.0 | ||
| 008 | 260407a1972 arg spa d | ||
| 003 | AR-UNSa-BCEJYS | ||
| 040 |
_aAR-UNSa-BCEJYS _bspa _cAR-UNSa-BCEJYS |
||
| 080 |
_a316.42 _xCambio social en sociedades globales. Desarrollo social. Sociología del desarrollo (Desarrollo Humano) |
||
| 245 | 1 | 0 |
_aEl hombre unidimensional _pensayo sobre la ideología de la sociedad industrial avanzada |
| 250 | _a9a. ed. | ||
| 264 | 1 |
_aBarcelona : _bSeix Barral _c1972 |
|
| 300 |
_a286 p. _c18 cm. |
||
| 505 | _aI. La sociedad unidimensional - 1. Las nuevas formas de control - 2. El cierre del universo político - 3. La conquista de la conciencia desgraciada: Una desublimación represiva - 4. El cierre del universo del discurso - 5. El pensamiento negativo: La lógica de protesta derrotada - 6. Del pensamiento negativo al positivo: La racionalidad tecnológica y la lógica de la dominación - 7. El triunfo del pensamiento positivo: La filosofía unidimensional - II. La posibilidad de las alternativas - 8. El compromiso histórico de la filosofía - 9. La catástrofe de la liberación - 10. Conclusión | ||
| 041 | _aspa | ||
| 942 | _cBK | ||
| 590 | _aniveau_biblio:m niveau_hierar:0 | ||
| 100 | 1 | _aMarcuse, Herbert | |
| 999 |
_c5816 _d5816 |
||